| 000 | 01245cam a2200133 4500500 | ||
|---|---|---|---|
| 005 | 20260405014835.0 | ||
| 041 | _afre | ||
| 042 | _adc | ||
| 100 | 1 | 0 |
_aDadoun, Roger _eauthor |
| 245 | 0 | 0 | _aL'érotisme : De l’obscène au sublime |
| 260 |
_bPresses Universitaires de France,
_c2010. |
||
| 520 | _aL’érotisme expose et fait exploser la sexualité dans toutes ses dimensions, de l’obscène au sublime. Picasso proclame: «l’art et le sexe, c’est la même chose». Duchamp monte d’insolites mises à nu sous le signe de Rrose Sélavy (Éros, c’est la vie). Jérôme Bosch exalte et torture les corps pour composer un art d’aimer édénique. Ingres, Bonnard, Michel-Ange et autres chantent une chair que Schiele décharne jusqu’à l’os et que Klimt couvre d’or…Sade pousse Éros vers l’horreur, Fourier promet un Nouveau monde amoureux où «chacun a raison en amour», Le Surmâle de Jarry brûle d’amour, et Kubrick dit son dernier mot: «Fuck !»Des Vénus callipyges aux hardeurs du porno, Roger Dadoun relève le paradoxe d’un érotisme universel qui fait de chaque individu un être unique. | ||
| 856 | 4 | 1 | _uhttps://shs.cairn.info/l-erotisme--9782130583356?lang=fr&redirect-ssocas=7080 |
| 999 |
_c2116259 _d2116259 |
||